00293 a2200133 450000100060000002000150000604000220002110000220004324000300006524500250009530000070012036200090012765000230013657376 a8526229982 cAnchieta - Pituba aCaruso, Aristides10aO castelo da intrigalpor10aO castelo da intriga a480 a1997 4aLiteratura juvenil